000 00809nam a2200181Ia 4500
008 090124s9999 xx 000 0 und d
082 _b106416
100 _aप्रफुल्लदत्त ( तेंडुलकर दत्तात्रय विष्णू )
245 _a डोळ्यांची निरांजने
250 _a1
260 _c1957
300 _a70
600 _aप्रफुल्लदत्त ( तेंडुलकर दत्तात्रय विष्णू )
630 _a डोळ्यांची निरांजने
700 _aप्रफुल्लदत्त ( तेंडुलकर दत्तात्रय विष्णू )
730 _a डोळ्यांची निरांजने
942 _cBOOK
999 _c152507
_d152507